El amigo mártir (Record no. 152706)

MARC details
000 -LEADER
campo de control de longitud fija 00737nam a2200181 i 4500
001 - NÚMERO DE CONTROL
campo de control 152706
003 - IDENTIFICADOR DE NÚMERO DE CONTROL
campo de control ES-MaACL
005 - FECHA Y HORA DE LA ÚLTIMA TRANSACCIÓN
campo de control 20241027170435.0
008 - DATOS DE LONGITUD FIJA--INFORMACIÓN GENERAL
campo de control de longitud fija 931025s1838 sp |||| | spa d
100 1# - ENTRADA PRINCIPAL--NOMBRE DE PERSONA
Nombre de persona Bretón de los Herreros, Manuel,
Fechas asociadas al nombre 1796-1873
9 (RLIN) 31637
245 13 - MENCIÓN DEL TÍTULO
Título El amigo mártir
Resto del título : comedia en cuatro actos /
Mención de responsabilidad, etc. por Manuel Breton de los Herreros.
260 ## - PUBLICACIÓN, DISTRIBUCIÓN, ETC.
Lugar de publicación, distribución, etc. Madrid :
Nombre del editor, distribuidor, etc. [s.n.],
Fecha de publicación, distribución, etc. 1838 (
Fabricante Imprenta de los hijos de Catalina Piñuela)
300 ## - DESCRIPCIÓN FÍSICA
Extensión 95 p. ;
Dimensiones 19 cm.
594 ## - Nota al título y mención de responsabilidad
Nota al título y mención de responsabilidad Consta que fue estrenado en el Teatro del Príncipe de Madrid, el día 10 de Octubre de 1836.
852 ## - LOCALIZACIÓN
Ubicación ES-MaACL
Número de control de estantería T-1407-F-1
Nota libre -- Enc. hol., falto de la cub. original
condición física -- Falto de port.
942 ## - ELEMENTOS DE ENTRADA SECUNDARIOS (KOHA)
Fuente del sistema de clasificación o colocación Clasificación decimal universal
Holdings
Estatus retirado Estado de pérdida Fuente del sistema de clasificación o colocación Estado de daño No para préstamo Colección Biblioteca de origen Biblioteca actual Ubicación en estantería Fecha de adquisición Total de préstamos Signatura topográfica completa Código de barras Visto por última vez Precio de reemplazo Tipo de ítem Koha
    Clasificación decimal universal     Colección de folletos Biblioteca del Ateneo de Madrid Biblioteca del Ateneo de Madrid Depósito folletos 17/01/2008   T-1407-F-1 1159477 23/02/2023 23/02/2023 Folleto